Les 10 villes de Belgique les plus peuplées commençant par M - Statistiques

Statistiques générales
  • Ce quiz a été pris 25 fois
  • Le résultat moyen est 3 sur 10
Statistiques - réponses
# Ville Population % Correct
2 Mons 96.358
84%
3 Malines 89.313
72%
1 Molenbeek-Saint-Jean 98.365
52%
4 Mouscron 59.987
36%
5 Maasmechelen 40.219
20%
9 Maaseik 25.823
16%
7 Menin 34.417
8%
8 Mortsel 26.588
8%
6 Merelbeke-Melle 37.210
4%
10 Maldeghem 24.744
0%
Aucun quiz correspondant
Distribution des résultats
% des personnes avec chaque résultat
Percentile par nombre de réponses
Votre historique - résultats
Vous n’avez pas pris ce quiz